000 01121nam a2200289 4500
003 EG-GICUC
005 20260121101216.0
008 251112s1956 ua ||||fr|||| 00| 0 ara d
040 _a EG-GICUC
_bara
_c EG-GICUC
_d EG-GICUC
_erda
041 0 _aara
082 0 4 _221
_a341.84
_bج ا . ت
092 0 4 _221
099 _aLaw1 12 341.84 ج ا . ت 1956
100 0 _aجابر جاد عبد الرحمن
_eمؤلف.
245 1 0 _aتنازع القوانين/
_cجابر جاد عبد الرحمن.
264 1 _aالقاهرة:
_bدار النهضة العربية،
_c1956.
300 _a646 ؛صفحة
_c24 سم
336 _2rda content
_atext
337 _2rda media
_aComputer
338 _2rda carrier
_aOnline Resource
504 _aيحتوي على ارجاعات ببليوجرافية
546 _aالنص أغلبه باللغة العربية بعض النصوص الإنجليزية والفرنسية
650 1 _aتنازع القوانين
_xالقانون الدولى الخاص
856 4 0 _uhttps://fll.law.cu.edu.eg/fulltext/bks/B12-00958.pdf
905 _a75
942 _2ddc
_n0
_cBK
_e21
999 _c42926
_d42926